Statistics for Generation II Pokémon

Click here to take the quiz!

General Stats

  • This quiz has been taken 30,061 times
    (29,876 since last reset)
  • The average score is 55 of 100

Answer Stats

#TypePokémon% Correct
152GrassChikorita
93%
155FireCyndaquil
91%
153GrassBayleef
88%
158WaterTotodile
88%
157FireTyphlosion
86%
160WaterFeraligatr
85%
154GrassMeganium
85%
156FireQuilava
83%
159WaterCroconaw
80%
250Fire/FlyingHo-Oh
79%
249Psychic/FlyingLugia
78%
163Normal/FlyingHoothoot
75%
244FireEntei
73%
164Normal/FlyingNoctowl
73%
245WaterSuicune
73%
251Psychic/GrassCelebi
72%
208Steel/GroundSteelix
72%
161NormalSentret
71%
162NormalFurret
69%
243ElectricRaikou
69%
172ElectricPichu
67%
239ElectricElekid
64%
171Water/ElectricLanturn
64%
240FireMagby
64%
248Rock/DarkTyranitar
64%
197DarkUmbreon
64%
229Dark/FireHoundoom
63%
212Bug/SteelScizor
63%
196PsychicEspeon
62%
228Dark/FireHoundour
62%
246Rock/GroundLarvitar
62%
165Bug/FlyingLedyba
61%
179ElectricMareep
61%
247Rock/GroundPupitar
61%
167Bug/PoisonSpinarak
61%
168Bug/PoisonAriados
60%
169Poison/FlyingCrobat
60%
181ElectricAmpharos
59%
170Water/ElectricChinchou
59%
166Bug/FlyingLedian
58%
183Water/FairyMarill
58%
227Steel/FlyingSkarmory
58%
237FightingHitmontop
57%
230Water/DragonKingdra
57%
180ElectricFlaaffy
56%
187Grass/FlyingHoppip
56%
177Psychic/FlyingNatu
56%
178Psychic/FlyingXatu
56%
184WaterAzumarill
55%
214Bug/FightingHeracross
55%
198Dark/FlyingMurkrow
55%
200GhostMisdreavus
54%
175NormalTogepi
54%
173NormalCleffa
53%
189Grass/FlyingJumpluff
53%
238Ice/PsychicSmoochum
53%
220Ice/GroundSwinub
53%
174NormalIgglybuff
52%
221Ice/GroundPiloswine
52%
215Dark/IceSneasel
52%
195Water/GroundQuagsire
51%
188Grass/FlyingSkiploom
51%
194Water/GroundWooper
51%
176Normal/FlyingTogetic
50%
236FightingTyrogue
49%
204BugPineco
48%
218FireSlugma
48%
241NormalMiltank
47%
205Bug/SteelForretress
46%
207Ground/FlyingGligar
44%
219Fire/RockMagcargo
44%
199Water/PsychicSlowking
44%
225Ice/FlyingDelibird
43%
203Normal/PsychicGirafarig
43%
185RockSudowoodo
42%
201PsychicUnown
41%
182GrassBellossom
40%
226Water/FlyingMantine
40%
211Water/PoisonQwilfish
39%
222Water/RockCorsola
38%
232GroundDonphan
38%
231GroundPhanpy
38%
193Bug/FlyingYanma
38%
242NormalBlissey
37%
213Bug/RockShuckle
37%
192GrassSunflora
37%
216NormalTeddiursa
37%
217NormalUrsaring
37%
191GrassSunkern
36%
186WaterPolitoed
35%
223WaterRemoraid
34%
206NormalDunsparce
33%
224WaterOctillery
33%
209NormalSnubbull
32%
234NormalStantler
32%
210NormalGranbull
31%
202PsychicWobbuffet
31%
235NormalSmeargle
29%
190NormalAipom
28%
233NormalPorygon2
28%

Score Distribution

Percentile by Number Answered

Percent of People with Each Score

Your Score History

You have not taken this quiz since the last reset